Cleveland Cavaliers 2010s Top 10 Leaders - Statistics

General Stats
  • This quiz has been taken 229 times
  • The average score is 9 of 19
Answer Stats
Answer % Correct
LeBron James
100%
Kyrie Irving
99%
Kevin Love
98%
J.R. Smith
95%
Tristan Thompson
92%
Mo Williams
57%
Anderson Varejao
56%
Matthew Dellavedova
54%
Iman Shumpert
52%
Timofey Mozgov
44%
Dion Waiters
32%
Larry Nance
27%
Antawn Jamison
24%
Alonzo Gee
19%
Daniel Gibson
13%
J.J. Hickson
13%
Anthony Parker
12%
Ramon Sessions
9%
Tyler Zeller
6%
No matching quizzes found
Score Distribution
Percent of People with Each Score
Percentile by Number Answered
Your Score History
You have not taken this quiz